Catálogo
 En Linea

Ubres de novelastra. / (Registro nro. 40217)

Detalles MARC
000 -CABECERA
campo de control de longitud fija 01062nam a2200301 a 4500
001 - NÚMERO DE CONTROL
campo de control 000040727
003 - IDENTIFICADOR DEL NÚMERO DE CONTROL
campo de control OSt
005 - FECHA Y HORA DE LA ÚLTIMA TRANSACCIÓN
campo de control 20250129172553.0
007 - CAMPO FIJO DE DESCRIPCIÓN FÍSICA--INFORMACIÓN GENERAL
campo de control de longitud fija ta
008 - DATOS DE LONGITUD FIJA--INFORMACIÓN GENERAL
campo de control de longitud fija 130905e2008 dr eri 001 0dspa d
020 ## - NÚMERO INTERNACIONAL ESTÁNDAR DEL LIBRO
Número Internacional Estándar del Libro 9789945140415
040 ## - FUENTE DE LA CATALOGACIÓN
Centro catalogador/agencia de origen DO-SdBNP
Lengua de catalogación spa
Centro/agencia transcriptor BNPHU
041 ## - CÓDIGO DE LENGUA
Código de lengua original spa
082 ## - NÚMERO DE LA CLASIFICACIÓN DECIMAL DEWEY
Número de clasificación xxxx
Número de documento/Ítem H519u
100 1# - ENTRADA PRINCIPAL--NOMBRE DE PERSONA
Nombre de persona Henríquez Gratereaux, Federico,
Fechas asociadas al nombre 1937-
9 (RLIN) 2003
245 10 - MENCIÓN DE TÍTULO
Título Ubres de novelastra. /
Mención de responsabilidad, etc. Federico Henríquez Gratereaux.
260 ## - PUBLICACIÓN, DISTRIBUCIÓN, ETC.
Lugar de publicación, distribución, etc. Santo Domingo, :
Nombre del editor, distribuidor, etc. Corripio,
Fecha de publicación, distribución, etc. 2008.
300 ## - DESCRIPCIÓN FÍSICA
Extensión 510 p. ;
Dimensiones 23 cm.
505 1# - NOTA DE CONTENIDO CON FORMATO
Nota de contenido con formato Capítulo I :
Título La tinaja blindada.-
505 1# - NOTA DE CONTENIDO CON FORMATO
Nota de contenido con formato Capítulo II :
Título Nombres solitarios en día libre.-
505 1# - NOTA DE CONTENIDO CON FORMATO
Nota de contenido con formato Capítulo III :
Título Disputa en víspera de viaje.-
505 1# - NOTA DE CONTENIDO CON FORMATO
Nota de contenido con formato Capítulo IV :
Título La boca de un volcán apagado.-
505 1# - NOTA DE CONTENIDO CON FORMATO
Nota de contenido con formato Capítulo V :
Título Brusca interrupción de la lectura.-
505 1# - NOTA DE CONTENIDO CON FORMATO
Nota de contenido con formato Capítulo VI :
Título Un fugitivo afortunado.-
505 ## - NOTA DE CONTENIDO CON FORMATO
Nota de contenido con formato Capítulo VII :
Título Descubrir un tumor sentimental.-
590 ## - NOTA LOCAL (RLIN)
Nota local La biblioteca posee un ejemplar autografíado por el autor
942 ## - ELEMENTOS DE PUNTO DE ACCESO ADICIONAL (KOHA)
Fuente del sistema de clasificación o colocación Dewey Decimal Classification
Tipo de ítem Koha Libro
Existencias
Estado de retiro Estado de pérdida Fuente del sistema de clasificación o colocación No para préstamo Código de colección Localización permanente Ubicación/localización actual Ubicación en estantería Fecha de adquisición Fuente de adquisición Número de inventario Total de préstamos Signatura topográfica completa Código de barras Fecha visto por última vez Precio válido a partir de Tipo de ítem Koha Número de copia
    Dewey Decimal Classification Excluido de préstamo Patrimonio Dominicano Patrimonio Dominicano Patrimonio Dominicano En catalogación 05.09.2013 Donado por Nelson Aquino LF1   xxxx H519u 40727-10 25.06.2020 25.06.2020 Libro y Folleto Colección Patrimonio Dominicano  
    Dewey Decimal Classification Excluido de préstamo Patrimonio Dominicano Patrimonio Dominicano Patrimonio Dominicano En catalogación 16.12.2018 Donado por Emeterio Rondón LF1   xxxx xxxx 40727-20 25.06.2020 25.06.2020 Libro y Folleto Colección Patrimonio Dominicano e. 2

Con tecnología Koha